| 000 | 00604nam a2200181 a 4500 | ||
|---|---|---|---|
| 001 | 000039145 | ||
| 005 | 20201002031521.0 | ||
| 008 | 130527s2012 pr 000 0 spa d | ||
| 020 | _a9789945455823 | ||
| 040 |
_aDO-SdBNP _bspa _cBNPHU |
||
| 100 | 1 |
_aSantana Santana, BenjamÃn _965353 |
|
| 245 | 1 | 3 |
_aLa fuente junto al pozo : _buna fe que busca entendimiento /. |
| 260 |
_aSan Juan, Puerto Rico : _bIsla Negra, _c2012. |
||
| 300 |
_a93 p. ; _c22 cm. |
||
| 490 | 1 | _aVisiones y cegueras | |
| 500 | _aIncluye datos biográficos del autor en la solapa de la cubierta | ||
| 830 | 0 |
_aVisiones y cegueras _91120 |
|
| 999 |
_c38635 _d38635 |
||